000
00317nam a22001457a 4500
003
OSt
008
250519b |||||||| |||| 00| 0 eng d
100
_a
BHAGAT, Ganesh
245
_a
Krantidutt
250
_a
7th
260
_a
New Delhi
_b
Arya Prakashan
_c
2007
300
_a
96
650
_a
General
942
_2
ddc
_c
BK
999
_c
13597
_d
13597